000 00452nam a2200193Ia 4500
008 210210b1927 xxu||||| |||| 00| 0 eng d
041 _aeng
082 _a519/113
100 _aWHITTAKER
245 _aCourse of modern analysis
260 _aCambridge
_bAt the University Press
_c1927
650 _aof
650 _amodern
650 _aCourse
650 _aanalysis
690 _aMathematical Analysis
700 _aWATSON
906 _a007974
999 _c140832
_d140832